Faculty of Law Library — Cairo University

Official Online Catalog

التحقيق الجنائى قانون وفن / (Record no. 56629)

MARC details
000 -LEADER
fixed length control field 01131nam a2200313 i 4500
003 - CONTROL NUMBER IDENTIFIER
control field EG-GICUC
005 - DATE AND TIME OF LATEST TRANSACTION
control field 20260218092938.0
008 - FIXED-LENGTH DATA ELEMENTS--GENERAL INFORMATION
fixed length control field 260112s1973 ua o|||fr|||| 00| 0 ara d
040 ## - CATALOGING SOURCE
Original cataloging agency EG-GICUC
Language of cataloging ara
Transcribing agency EG-GICUC
Modifying agency EG-GICUC
Description conventions rda
041 1# - LANGUAGE CODE
Language code of text/sound track or separate title Ara
082 04 - DEWEY DECIMAL CLASSIFICATION NUMBER
Edition number 21
Classification number 343.81
Item number ع ب . ت
092 04 - LOCALLY ASSIGNED DEWEY CALL NUMBER (OCLC)
Edition number 21
099 ## - LOCAL FREE-TEXT CALL NUMBER (OCLC)
Classification number Law1 10 343.81 ع ب . ت 1973
100 0# - MAIN ENTRY--PERSONAL NAME
Personal name عبدالستار الجميلى
Relator term مؤلف.
245 12 - TITLE STATEMENT
Title التحقيق الجنائى قانون وفن /
Statement of responsibility, etc. تأليف الدكتور عبدالستار الجميلى .
250 ## - EDITION STATEMENT
Edition statement الطبعة الأولى
264 #3 - PRODUCTION, PUBLICATION, DISTRIBUTION, MANUFACTURE, AND COPYRIGHT NOTICE
Place of production, publication, distribution, manufacture بغداد :
Name of producer, publisher, distributor, manufacturer مطبعة دار السلام،
Date of production, publication, distribution, manufacture, or copyright notice 1973.
300 ## - PHYSICAL DESCRIPTION
Extent 558صفحة :
Other physical details صور ؛
Dimensions 24 سم.
336 ## - CONTENT TYPE
Source rda content
Content type term text
337 ## - MEDIA TYPE
Source rda media
Media type term Computer
338 ## - CARRIER TYPE
Source rda carrier
Carrier type term Online Resource
504 ## - BIBLIOGRAPHY, ETC. NOTE
Bibliography, etc. note ببليوجرافيا: صفحات540-544.
650 1# - SUBJECT ADDED ENTRY--TOPICAL TERM
Topical term or geographic name entry element التحقيق الجنائى الفنى
Source of heading or term qrmak
650 1# - SUBJECT ADDED ENTRY--TOPICAL TERM
Topical term or geographic name entry element القانون الجنائى
Source of heading or term qrmak
651 1# - SUBJECT ADDED ENTRY--GEOGRAPHIC NAME
Source of heading or term qrmak
856 40 - ELECTRONIC LOCATION AND ACCESS
Uniform Resource Identifier <a href="https://fll.law.cu.edu.eg/fulltext/bks/B10-07750.pdf">https://fll.law.cu.edu.eg/fulltext/bks/B10-07750.pdf</a>
905 ## - Cataloger and Reviser Names
Cataloger Name: Yasmin Sayed
942 ## - ADDED ENTRY ELEMENTS (KOHA)
Source of classification or shelving scheme Dewey Decimal Classification
Koha item type Books
Edition 21
Suppress in OPAC No
Holdings
Withdrawn status Lost status Source of classification or shelving scheme Damaged status Not for loan Collection Home library Current library Date acquired Total checkouts Full call number Barcode Date last seen Copy number Price effective from Koha item type
    Dewey Decimal Classification   Not for loan القانون الجنائي جــــامعة القــاهرة مكتبة كلية الحقوق - المبنى الرئيسي 12.01.2026   Law1 10 343.81 ع ب . ت 1 ed - 1973 1007750 C1 B10-07750 12.01.2026 1 12.01.2026 Books

© All rights reserved — Faculty of Law, Cairo University